00413nam a2200157Ia 4500008004100000020001400041040001900055041001200074082002200086100001500108245004700123260002800170300002100198650002000219850001600239131103s9999 xx 000 0 und d a330235648 aLoreto College aEnglish aF/KESbLCBED/7040 aKesey, Ken aOne flew over the cuckoo's nestcKen Kesey aLondonbPan Booksc1979 a255 p. c 20 cm. aEnglish fiction aLCBED/F/KES